| 000 | 00679nam a22002297a 4500 | ||
|---|---|---|---|
| 005 | 20170124105951.0 | ||
| 010 | _aA-947977 | ||
| 020 |
_c100.00 _a8170144981 |
||
| 035 | _aA-947977 | ||
| 037 | _bCen Lib/Ret | ||
| 040 |
_aDPL _bEN |
||
| 082 |
_a331.2026 _bKAP |
||
| 100 |
_aKapoor, N. D. _913641 |
||
| 245 |
_aHandook of industrial law / _cby N. D. Kapoor |
||
| 250 | _a12th ed | ||
| 260 |
_aNew Delhi _bSultan Chand and Sons |
||
| 270 |
_a23, Daryaganj _bNew Delhi _e110002 |
||
| 300 |
_avarious pagings _c22cm(Hb) |
||
| 650 |
_aLabor laws and legislation _98613 |
||
| 650 |
_aIndustrial laws and legislation _913642 |
||
| 942 |
_2ddc _cEN _h331.2026 _mKAP |
||
| 999 |
_c125297 _d125297 |
||